MDQL
is popping MORE tags! Check the
thread
!
Quizzes
Events
Quiz Creation
Community
Videos
Private Events
Remove Ads
Sign In
Join for FREE
Feedback
Dark Mode
Quiz Categories
Sports
Geography
Music
Movies
Television
Just For Fun
Miscellaneous
History
Literature
Language
Science
Gaming
Entertainment
Religion
Holiday
For Kids
Quiz Lab
Recent
Popular Today
Quiz Kudos Today
Editor Picks
Curator Picks
Quizzes by...
Day
Popularity
Type
Ratings
Length
Year
Community
Subscriptions
Recent Discussions
Orange Saloon
Badges
Playlists
Quests
Create
Leaderboards
Showdown
Live 5
Trivia Bingo
Activity
Puzzle Library
Sporcle Events
Private Events
Virtual Trivia
Globe League
Become a Host
Pub Owners
SporcleCon
Opinionation
Our Games
Videos
Blog
Mobile Apps
Partnerships
Remove Ads and Go Orange
Feedback
Entertainment
Celebrity
Famous
Musical
Broadway
Show
Quote
Comic Books
Anime
Superhero
DC Comics
Marvel
Cartoons
Animation
Entertainment
Celebrity
Famous
Musical
Broadway
Show
Quote
Comic Books
Anime
Superhero
DC Comics
Marvel
Cartoons
Animation
Random Quiz
Search Sporcle
×
Quiz Lab
Quiz Lab
Entertainment
Musical
Type in answers that appear in a list
Type in answers that appear in a list
Classic
Best Score? Go Orange.
Wicked by Lyrics Stats
Can you name these songs from Wicked by their lyrics?
By
ThePinkGirl
3m
12 Questions
454 Plays
454 Plays
454 Plays
Comments
Comments
Give Quiz Kudos
Give Quiz Kudos
-
- Ratings
hide this ad
Forced Order
Answers have to be entered in order
Answers have to be entered in order
Random Order
Randomize order of answers
Randomize order of answers
Replay
Link that replays current quiz
Next Quiz
Link to next quiz in quiz playlist
You Got
0%
They Got
Avg Score
81%
Avg Friend Score
Upgrade to see
Score Distribution
Jump to the score distribution portion of the page
Score
0/12
Timer
03:00
0
Plays Today
Lyrics
Song
% Correct
When I see depressing creatures/
With unprepossessing features
Popular
95.6%
Well if that's love/
It comes at much too high a cost
Defying Gravity
92.3%
It well may be/
That we will never meet again/
In this lifetime
For Good
91.9%
Blithe smile/
Lithe limb/
She who's winsome/
She wins him
I'm Not That Girl
87.2%
When people see me they will scream/
For half of Oz's favorite team
The Wizard and I
87%
Life's more painless/
For the brainless/
Why think too hard/
When it's so soothing
Dancing Through Life
86.1%
Every little trait however small/
Makes my very flesh begin to crawl
What Is This Feeling?
85.2%
Already dead or bleeding?/
One more disaster I can add to my/
Generous supply
No Good Deed
84.6%
Isn't it nice to know/
That good will conquer evil?
No One Mourns the Wicked
74.4%
I never saw myself/
As a Solomon or Socrates
Wonderful
70.5%
Whose enthuse for hot air ballooning/
Has all of Oz honeymooning?
One Short Day
63.4%
There's a kind of a sort of cost/
There's a couple of things get lost
Thank Goodness
61%
Quiz Playlist
Details
Report
Send in Message
Add To Playlist
Classic:
Type in answers that appear in a list
Forced Order:
Answers have to be entered in order
Random Order:
Randomize order of answers
Last Updated: May 26, 2020
Quiz Scoreboard
CHALLENGE
Sign Up to Join the Scoreboard
Show All
Scores
Hide
Comments
May contain spoilers
Recently Published
5x2 Blitz: Bands
by SL_Kpop136
Music
30s
Colored Red Africa Blitz
by spor1
Geography
30s
Find the 'City' Movie
by crazypaving
Movies
60s
More to Explore
Quiz From the Vault
Featured Blog Post
14 Easter Pick-up Lines to Find Eggs With
hide this ad
You Might Also Like...
Tags
Broadway Quiz
Lyrics Quiz
Musical Quiz
Broadway Lyrics
Broadway Musicals
Wicked
Today's Top Quizzes in Entertainment
Browse Entertainment
hide this ad
Today's Top Quizzes in Musical
Browse Musical
Top Contributed Quizzes in Entertainment
1
Dragon Ball Z: Goku's Fights in Order
2
Marvel Classic Character Map
3
Marvel Characters Bunker
4
BOYS PLANET Quiz
5
Celebrity Spelling Bee
6
This is Your Life: Edward Elric
7
Survivor Winners Logic Quiz
8
This is Your Life: Itachi Uchiha
9
Dragon Ball Z: Immortal Characters
10
One Piece Heroines Chapter Cover
Explore More
Trending Topics
Crossword
Disney
Anime
Harry Potter
Kpop
NBA
Marvel
The Office
Song
Country
NFL
Pokémon
Soccer
Puzzle
WWE
hide this ad
More By:
ThePinkGirl
Quiz
Plays
Rating
Category
Featured
Created
#1 Artists of the 2010s
65,560
4.79
Music
Nov 2, 2019
Women by #1 Hits
57,408
4.66
Music
Jan 22, 2020
#1 Artists of the 2000s
44,419
4.84
Music
May 25, 2020
Missing Word: 'Hamilton' Songs (A-Z)
41,025
4.63
Just For Fun
Nov 24, 2016
Missing Word: RuPaul's Drag Race (A-Z)
37,882
4.04
Just For Fun
Feb 13, 2018
Go to Creator's Profile
Score Distribution
Quiz Creator Spotlight
ThePinkGirl
Follow
Send a Message
Quizzes Created
-
Created Quiz Play Count
-
More By This Creator
Popular Quizzes Today
1
Colored Red Africa Blitz
2
Find the 'City' Movie
3
Find the US States - No Outlines Minefield
4
5x2 Blitz: Bands
5
The Countries of the World
6
Find the US States
7
US States
8
9x9 Crossword: Cartoon Network
More Entertainment Quizzes
2010's Anime Openings 3
Curator's Pick
Trending Quizzes
Colored Red Europe Blitz I
Colored Red Europe Blitz II
Colored Red Africa Blitz II
Colored Red Europe Blitz III
Colored Red Africa Blitz III
Recently Updated
How Do You Spell That?
pecheneg
Godzilla Movies
pecheneg
Grab Bag: 4-10 Letters
pecheneg
2024 March Madness Bracket
pecheneg
Famous TV Couples
Peacemaker
Champions League XIs: Real Madrid
pecheneg
Largest US Cities 1790-2010
pecheneg
Rides in Walt Disney World
pecheneg
Most Oscar Losses (Acting)
pecheneg
Beyoncé Albums
pecheneg
Trending Topics
Harry Potter
NBA
Disney
Anime
Crossword
Marvel
Kpop
Soccer
Song
The Office
Puzzle
WWE
Country
NFL
Pokémon
Your Account Isn't Verified!
In order to create a playlist on Sporcle, you need to verify the email address you used during registration. Go to your
Sporcle Settings
to finish the process.
Report this User
Report this user for behavior that violates our
Community Guidelines
.
Details:
Send Report
Go to the Sporcle.com Mobile Site →
Comments